000
00267nam a2200109Ia 4500
008
190919s9999||||xx |||||||||||||| ||und||
100
_a
Francis Darwin
245
0
_a
Autobiography of Charles Darwin
260
_a
New York
_b
Addison
_c
2001
300
_a
768
942
_c
BK
999
_c
10801
_d
10801